000
00305 a2200157 4500
001
163170
020
_a
040
_c
Magnum
100
_a
Edicoes Claudia
240
1
0
_a
Meu bebe
_l
por
245
1
0
_a
Meu bebe
362
0
_a
1899
440
1
_a
Abril
697
_a
CIENCIAS MEDICAS SAUDE
942
_c
BK
999
_c
163170
_d
163170